| 000 | 00491nam a2200157 a 4500 | ||
|---|---|---|---|
| 001 | 3690 | ||
| 003 | CDMR | ||
| 005 | 20130116135248.0 | ||
| 008 | 130130s1995||||||||||||||||||||||||||||d | ||
| 040 |
_aCDMR _bcat _cCPC GIRONA |
||
| 100 | 1 |
_aFernández Trabal, Josep _92628 |
|
| 245 | 1 | 4 |
_aUna família catalana medieval _bEls Bell-lloc de Girona 1267-1533 _cFernández Trabal, Josep |
| 260 |
_c1995 _bPublicacions de l'Abadia de Montserrat |
||
| 490 | 0 |
_aBiblioteca Abat Oliba _v161 _9683 |
|
| 942 | _cMON | ||
| 999 |
_c3690 _d3690 |
||